Diccionario Español-inglés, Inglés-español

Wedi'i Gadw mewn:
Manylion Llyfryddiaeth
Prif Awdur: Océano
Fformat: Llyfr
Iaith:English
Cyhoeddwyd: Barcelona, España Grupo Editorial Océano 1985
Pynciau:
Tagiau: Ychwanegu Tag
Dim Tagiau, Byddwch y cyntaf i dagio'r cofnod hwn!

MARC

LEADER 00000nam a22000007a 4500
008 180907b xxu||||| |||| 00| 0 eng d
040 |a cru BVZT 
090 |a R-413 O-1d ING-ESP  
100 |a Océano  
245 |a Diccionario Español-inglés, Inglés-español  |c Océano  
260 |a Barcelona, España   |b Grupo Editorial Océano  |c 1985 
300 |a s.p.  
650 |a REFERENCIA   |9 27 
650 |a DICCIONARIO ESPAÑOL - INGLÉS, INGLÉS - ESPAÑOL  
999 |c 30577  |d 30577 
942 |c SALA  |h R-413 O-1d ING-ESP   |2 z